MDQL
is popping MORE tags! Check the
thread
!
Quizzes
Events
Quiz Creation
Community
Videos
Private Events
Remove Ads
Sign In
Join for FREE
Feedback
Dark Mode
Quiz Categories
Sports
Geography
Music
Movies
Television
Just For Fun
Miscellaneous
History
Literature
Language
Science
Gaming
Entertainment
Religion
Holiday
For Kids
Quiz Lab
Recent
Popular Today
Quiz Kudos Today
Editor Picks
Curator Picks
Quizzes by...
Day
Popularity
Type
Ratings
Length
Year
Community
Subscriptions
Recent Discussions
Orange Saloon
Badges
Playlists
Quests
Create
Leaderboards
Showdown
Live 5
Trivia Bingo
Activity
Puzzle Library
Sporcle Events
Private Events
Virtual Trivia
Globe League
Become a Host
Pub Owners
SporcleCon
Opinionation
Our Games
Videos
Blog
Mobile Apps
Partnerships
Remove Ads and Go Orange
Feedback
Geography
Country
Landmarks
City
State
Population
World
Capital
Continent
Flags
Europe
Africa
Asia
South America
North America
Oceania
Border
Canada
United Kingdom
Topography
United States
Geography
Country
Landmarks
City
State
Population
World
Capital
Continent
Flags
Europe
Africa
Asia
South America
North America
Oceania
Border
Canada
United Kingdom
Topography
United States
Random Quiz
Search Sporcle
×
Quiz Lab
Quiz Lab
Geography
Jersey Shore
Type in answers that appear in a list
Type in answers that appear in a list
Classic
Best Score? Go Orange.
New Jersey Bridges Stats
Can you name the logistics of New Jersey bridges?
By
teamvatican
8m
60 Questions
108 Plays
108 Plays
108 Plays
Comments
Comments
Give Quiz Kudos
Give Quiz Kudos
-
- Ratings
hide this ad
More Info
Replay
Link that replays current quiz
Next Quiz
Link to next quiz in quiz playlist
You Got
0%
They Got
Avg Score
69%
Avg Friend Score
Upgrade to see
Score Distribution
Jump to the score distribution portion of the page
Score
0/60
Timer
08:00
0
Plays Today
Bridge
Answer
% Correct
Bayonne Bridge
Staten Island, NY
95.2%
Goethals Bridge
Staten Island, NY
95.2%
Outerbridge Crossing
Staten Island, NY
95.2%
George Washington Bridge
New York, NY
91.4%
Benjamin Franklin Bridge
Philadelphia, PA
89.5%
Betsy Ross Bridge
Philadelphia, PA
89.5%
Walt Whitman Bridge
Philadelphia, PA
89.5%
Bayonne Bridge
Bayonne, NJ
86.7%
George Washington Bridge
Interstate 95, US Route 1-9, US Route 46
86.7%
Newark Bay Bridge
Bayonne, NJ
86.7%
Benjamin Franklin Bridge
Delaware River
85.7%
Betsy Ross Bridge
Delaware River
85.7%
Delaware Memorial Bridge
Delaware River
85.7%
Walt Whitman Bridge
Delaware River
85.7%
Benjamin Franklin Bridge
Camden, NJ
83.8%
Jackson Street Bridge
Newark, NJ
83.8%
Newark Bay Bridge
Newark, NJ
83.8%
Pulaski Skyway
Newark, NJ
83.8%
Pulaski Skyway
US Route 1-9, NJ Route 139
83.8%
William A. Stickel Memorial Bridge
Newark, NJ
83.8%
George Washington Bridge
Fort Lee, NJ
81%
Newark Bay Bridge
Interstate 78, New Jersey Turnpike
81%
George Washington Bridge
Hudson River
79%
Delaware Memorial Bridge
Interstate 295, US Route 40
78.1%
Bayonne Bridge
NJ-NY Route 440
73.3%
Outerbridge Crossing
NY-NJ Route 440
73.3%
Pulaski Skyway
Jersey City, NJ
70.5%
Benjamin Franklin Bridge
Interstate 676, US Route 30
69.5%
Driscoll Bridge
Garden State Parkway
69.5%
Outerbridge Crossing
Perth Amboy, NJ
69.5%
Bridge
Answer
% Correct
Goethals Bridge
Elizabeth, NJ
68.6%
Driscoll Bridge
Woodbridge, NJ
67.6%
Driscoll Bridge
Raritan River
66.7%
Goethals Bridge
Interstate 278
64.8%
Walt Whitman Bridge
Interstate 76
63.8%
Goethals Bridge
Arthur Kill
62.9%
Highlands-
Sea Bright Bridge
Highlands, NJ
62.9%
Outerbridge Crossing
Arthur Kill
62.9%
Manahawkin Bay Bridge
Stafford, NJ
61.9%
Bayonne Bridge
Kill Van Kull
61%
Pulaski Skyway
Passaic River, Hackensack River, Meadowlands
61%
Jackson Street Bridge
Passaic River, Raymond Boulevard
59%
William A. Stickel Memorial Bridge
Passaic River
59%
Highlands-
Sea Bright Bridge
NJ Route 36
55.2%
Driscoll Bridge
Sayreville, NJ
54.3%
Jackson Street Bridge
Harrison, NJ
54.3%
William A. Stickel Memorial Bridge
Harrison, NJ
54.3%
Newark Bay Bridge
Newark Bay
53.3%
Betsy Ross Bridge
NJ Route 90
52.4%
Manahawkin Bay Bridge
NJ Route 72
52.4%
Betsy Ross Bridge
Pennsauken, NJ
49.5%
Delaware Memorial Bridge
New Castle, DE
49.5%
William A. Stickel Memorial Bridge
Interstate 280
49.5%
Manahawkin Bay Bridge
Long Beach Island, NJ
48.6%
Delaware Memorial Bridge
Pennsville, NJ
45.7%
Highlands-
Sea Bright Bridge
Sandy Hook, NJ
45.7%
Walt Whitman Bridge
Gloucester City, NJ
44.8%
Manahawkin Bay Bridge
Manahawkin Bay
39%
Highlands-
Sea Bright Bridge
Shrewsbury River
38.1%
Jackson Street Bridge
Frank E. Rodgers Blvd
22.9%
Quiz Playlist
Details
Report
Send in Message
Add To Playlist
More Info:
For road names, you can type just the number. For bodies of water, type the full name of the body.
Classic:
Type in answers that appear in a list
Last Updated: Feb 16, 2017
Quiz Scoreboard
CHALLENGE
Sign Up to Join the Scoreboard
Show All
Scores
Hide
Comments
May contain spoilers
Recently Published
Street Fighter Characters
by Artimus82
Gaming
60s
9x9 Crossword: Cartoon Network
by jackfrog10
Miscellaneous
3m
College Basketball Coaching Resumes
by pancakes188
Sports
9m
More to Explore
Quiz From the Vault
Featured Blog Post
Where Did the Easter Bunny Come From?
hide this ad
You Might Also Like...
Tags
bridge
Jersey
Jersey Shore
New Jersey
NJ Municipalities
NJ State
NJ Turnpike
Today's Top Quizzes in Geography
Browse Geography
hide this ad
Top Contributed Quizzes in Geography
1
Countries of the World - No Outlines Minefield
2
Top 25 Cities of France on a map
3
Any capital of a 'B' country per Continent
4
Any capital of a 'C' country per Continent
5
Closest Countries to UK A-Z
6
Any capital of a 'D' country per Continent
7
5-to-1: US Geography No Hints
8
Any capital of an 'E' country per Continent
9
Find the US States - No Outlines
10
Any capital of an 'F' country per Continent
Explore More
Trending Topics
Anime
Marvel
Crossword
NBA
Disney
Harry Potter
Kpop
WWE
NFL
The Office
Country
Pokémon
Puzzle
Soccer
Song
hide this ad
More By:
teamvatican
Quiz
Plays
Rating
Category
Featured
Created
Stanley Cup Winning Team Captains
34,300
4.09
Sports
Jun 4, 2010
Most Expensive NHL Players by Year
2,259
4.44
Sports
Jul 9, 2013
The Former Soviet Union
1,594
4.48
Geography
Jun 16, 2010
Blitz: What city is farther from...(USA)
1,037
3.28
Geography
Jul 8, 2010
America's Worst Cities
921
3.00
Geography
Jul 6, 2010
Go to Creator's Profile
Score Distribution
Quiz Creator Spotlight
teamvatican
Follow
Send a Message
Quizzes Created
-
Created Quiz Play Count
-
More By This Creator
Popular Quizzes Today
1
Find the US States - No Outlines Minefield
2
Find the Countries of Europe - No Outlines Minefield
3
The Countries of the World
4
Find the US States
5
Risky Map Clicking: Biggest States A-Z
6
US States
7
Popular People in 1961
8
Movies - When Are They Set?
More Geography Quizzes
All about... El Salvador
Quiz Lab
Trending Quizzes
Risky Map Clicking: Least Populous States A-Z
Countries of the World: 200 Million BC
1-10 Letter G Words
Risky Map Clicking: Next State Alphabetically
Adjectives in 80s TV Shows
Recently Updated
Leaping Animals
pecheneg
Reality TV Shows (A-Z)
bhenderson79
Rickey Henderson's Hall of Fame Teammates
pecheneg
Champions League XIs: Arsenal
pecheneg
Quick Pick: Celebrities in WWE's Hall of Fame
aduchscher
A-Z Keypad Blitz II
pecheneg
Multiple Oscar Actors
pecheneg
Mystery Phrase Blitz: Oscar 'Best Actors'
pecheneg
F. Scott Fitzgerald Novels
LTH
Pick 3 Villains
ddd62291
Trending Topics
Kpop
NBA
Marvel
Crossword
Disney
Harry Potter
Anime
Pokémon
Puzzle
NFL
Country
The Office
Song
Soccer
WWE
Your Account Isn't Verified!
In order to create a playlist on Sporcle, you need to verify the email address you used during registration. Go to your
Sporcle Settings
to finish the process.
Report this User
Report this user for behavior that violates our
Community Guidelines
.
Details:
Send Report
Go to the Sporcle.com Mobile Site →
Comments